LIBRARY & INFORMATION CENTRE, KCAET, TAVANUR

ONLINE PUBLIC ACCESS CATALOGUE (OPAC)

Prospective on Urban Agriculture and Organic Farming (Record no. 14637)

MARC details
000 -LEADER
fixed length control field 00318nam a22001217a 4500
020 ## - INTERNATIONAL STANDARD BOOK NUMBER
ISBN 9789351111313
082 ## - DEWEY DECIMAL CLASSIFICATION NUMBER
Classification number 631.584
Item number KHA/PE
100 ## - MAIN ENTRY--AUTHOR NAME
Personal name Khan Sultan Ahmed
245 ## - TITLE STATEMENT
Title Prospective on Urban Agriculture and Organic Farming
260 ## - PUBLICATION, DISTRIBUTION, ETC. (IMPRINT)
Place of publication New Delhi
Name of publisher Random Publications
Year of publication 2013
300 ## - PHYSICAL DESCRIPTION
Number of Pages 272
942 ## - ADDED ENTRY ELEMENTS (KOHA)
Koha item type Books
Holdings
Withdrawn status Lost status Damaged status Collection code Home library Current library Shelving location Date acquired Source of acquisition Cost, normal purchase price Full call number Accession Number Koha item type
        KAUAET KAUAET General Stacks 22/07/2016 Southern Book Star, Tvm. 1495.00 631.584 KHA/PE 24547 Books
free website counter